Asiatische Länder - Eine WM Teilnahme - Statistiken

Allgemein
  • Dieses Quiz wurde 123 mal gespielt
    24 seit der letzten Aktualisierung
  • Das Durchschnittsergebnis liegt bei 5 aus 7
Antwortstatistiken
WM Nation % Korrekt
2002 China
86%
2026 Jordanien
82%
2026 Usbekistan
82%
1938 Indonesien/ Niederländisch-Indien
64%
1970 Israel
55%
1990 Vereinigte Arabische Emirate
50%
1982 Kuwait
41%
Keine übereinstimmenden Quizze gefunden
Verteilung der Resultate
Anzahl Personen mit jedem Resultat
Perzentil nach korrekt beantworteten Fragen
Ihre Resultats-Entwicklung
Sie haben dieses Quiz seit der letzten Aktualisierung nicht gespielt